Combat Motivation: The behaviour of soldiers in battle (Record no. 298319)

000 -LEADER
fixed length control field 00289 a2200109 4500
001 - CONTROL NUMBER
control field 63246
082 ## - DEWEY DECIMAL CLASSIFICATION NUMBER
Classification number 355.0019 KEL
090 ## - LOCALLY ASSIGNED LC-TYPE CALL NUMBER (OCLC); LOCAL CALL NUMBER (RLIN)
-- 37310
-- 37310
100 ## - MAIN ENTRY--PERSONAL NAME
Personal name Kellett A
245 ## - TITLE STATEMENT
Title Combat Motivation: The behaviour of soldiers in battle
260 ## - PUBLICATION, DISTRIBUTION, ETC.
Place of publication, distribution, etc. Lahore
Name of publisher, distributor, etc. PAF Book Club/Klumer
Date of publication, distribution, etc. 1982
942 ## - ADDED ENTRY ELEMENTS (KOHA)
Institution code [OBSOLETE] NUST-CAE
Call number prefix 355.0019 KEL
Holdings
Withdrawn status Lost status Damaged status Not for loan Collection code Permanent Location Current Location Date acquired Total Checkouts Full call number Barcode Date last seen Price effective from Koha item type
          College of Aeronautical Engineering (CAE) College of Aeronautical Engineering (CAE) 04/03/2017   355.0019 KEL CAEG-5598 04/05/2017 04/05/2017 Book
© 2023 Central Library, National University of Sciences and Technology. All Rights Reserved.